000 00354 a2200133 4500
001 149069
040 _cEscola São Tomás de Aquino
100 _aBERTOLDI, Andressa de Souza
240 1 0 _aO menino maluquinho em rumo ao pódio
_lpor
245 1 0 _aO menino maluquinho em rumo ao pódio
362 0 _a2004
697 _a*LITERATURA INFANTO
942 _cBK
999 _c149069
_d149069